00475nam a2200193 a 4500001001300000003000900013005001700022008004100039020001000080082001600090100002600106245002200132260002900154300000800183500003500191505001000226650001900236700002600255nice12345678IN_TiNIC20260116012329.0050524s1897 dela grp 000 0 urd  ac10000a297.4bHAF2 aHafeez, M Hafeeaullah aBadi Swaaneh Umri aDelhibAfzal Pressc1897 a84p aincludes index and biblioraphy2 aIndex aSufism-Chishti1 aHafeez, M Hafeeaullah